Normal view
MARC view
- Qureshi, Farhan Rauf
Entry Personal Name
001 - CONTROL NUMBER
- control field: 125317
003 - CONTROL NUMBER IDENTIFIER
- control field: NUST
005 - DATE AND TIME OF LATEST TRANSACTION
- control field: 20240823124713.0
008 - FIXED-LENGTH DATA ELEMENTS
- fixed length control field: 240823|| aca||aabn | a|a d
040 ## - CATALOGING SOURCE
- Original cataloging agency: NUST
- Transcribing agency: NUST
100 ## - HEADING--PERSONAL NAME
- Personal name: Qureshi, Farhan Rauf
670 ## - SOURCE DATA FOUND
- Source citation: Work cat.: (NUST): Qureshi, Farhan Rauf, Inclusive leadership and its impact on Employees’ creativity and how knowledge sharing mediates the effects of Inclusive leadership on employees’ creativity/
